LEADER 01535nam2-2200481---450- 001 990005776140203316 005 20130117094043.0 035 $a000577614 035 $aUSA01000577614 035 $a(ALEPH)000577614USA01 035 $a000577614 100 $a20121106d1959----km-y0itay50------ba 101 $alat$agrc 102 $aBE 102 $aFR 105 $a||||||||001yy 200 1 $a<<2:>> Enneades IV-V$fediderunt Paul Henry et Hans-Rudolf Schwyzer 210 $aParis$cDesclée de Brouwer$aBruxelles$cL'édition universelle$d1959 215 $aLIII, 501 p.$d25 cm 225 2 $aMuseum Lessianum$iSection philosophique$v34 410 0$12001$aMuseum Lessianum$iSection philosophique$v34 461 1$1001000577611$12001$aPlotini opera 500 11$aEnneades$912802 676 $a186.4 700 1$aPLOTINUS$0198801 702 1$aHENRY,$bPaul 702 1$aSCHWYZER,$bHans-Rudolf 801 0$aIT$bsalbc$gISBD 912 $a990005776140203316 951 $aXV.8. 116 2$b222017 L.M.$cXV.8. 951 $aV.3.E. 32/2(VIII A 676/34)$b67490 L.M.$cVIII A 959 $aBK 969 $aFSO 969 $aUMA 979 $aIANNONE$b90$c20121106$lUSA01$h1024 979 $aIANNONE$b90$c20121106$lUSA01$h1025 979 $aIANNONE$b90$c20121106$lUSA01$h1036 979 $aIANNONE$b90$c20121106$lUSA01$h1036 979 $aIANNONE$b90$c20121120$lUSA01$h0958 979 $aIANNONE$b90$c20121120$lUSA01$h1030 979 $aIANNONE$b90$c20130117$lUSA01$h0940 996 $aEnneades$912802 997 $aUNISA LEADER 00807nam2-22003011i-450- 001 990000191330403321 035 $a000019133 035 $aFED01000019133 035 $a(Aleph)000019133FED01 035 $a000019133 100 $a20011111d--------km-y0itay50------ba 101 0 $aita 105 $ay-------001yy 200 1 $a3. : Applicazioni. 280 p. : ill. 210 $aS.l.$cs.e.$ds.d. 215 $av.$d25 cm 461 0$1001000001140$12001$aConferenze di elettrotecnica 610 0 $aElettrotecnica 676 $a621.3 700 1$aGrismayer,$bEgisto$0331186 801 0$aIT$bUNINA$gRICA$2UNIMARC 901 $aBK 912 $a990000191330403321 952 $a13 B 56 06$b3204$fFINBC 959 $aFINBC 996 $a3. : Applicazioni. 280 p. : ill$9122579 997 $aUNINA DB $aING01 LEADER 03711nam 2200685 450 001 9910798111403321 005 20230621150321.0 010 $a1-5015-0273-5 010 $a1-5015-0275-1 024 7 $a10.1515/9781501502736 035 $a(CKB)3710000000656125 035 $a(EBL)4517742 035 $a(SSID)ssj0001662812 035 $a(PQKBManifestationID)16447900 035 $a(PQKBTitleCode)TC0001662812 035 $a(PQKBWorkID)14991144 035 $a(PQKB)10819400 035 $a(PQKBManifestationID)16453501 035 $a(PQKB)23303267 035 $a(OCoLC)948780560 035 $a(DE-B1597)452373 035 $a(DE-B1597)9781501502736 035 $a(Au-PeEL)EBL4517742 035 $a(CaPaEBR)ebr11209830 035 $a(CaONFJC)MIL919699 035 $a(CaSebORM)9781501502750 035 $a(MiAaPQ)EBC4517742 035 $a(EXLCZ)993710000000656125 100 $a20160524h20162016 uy 0 101 0 $aeng 135 $aurcn#nnn||||| 181 $ctxt$2rdacontent 182 $cc$2rdamedia 183 $acr$2rdacarrier 200 00$aDesign of multimodal mobile interfaces /$fedited by Nava Shaked, Ute Winter 210 1$aBoston, [Massachusetts] ;$aBerlin, [Germany] :$cDe Gruyter,$d2016. 210 4$d©2016 215 $a1 online resource (xviii, 221 pages) $cillustrations 311 $a1-5015-1084-3 320 $aIncludes bibliographical references at the end of each chapters and index. 327 $tFrontmatter --$tPreface --$tContents --$tList of contributing authors --$t1. Introduction to the evolution of Mobile Multimodality --$t2. Integrating natural language resources in mobile applications --$t3. Omnichannel Natural Language --$t4. Wearable computing --$t5. Spoken dialog systems adaptation for domains and for users --$t6. The use of multimodality in Avatars and Virtual Agents --$t7. Managing interaction with an in-car infotainment system --$t8. Towards objective method in display design --$t9. Classification and organization of information --$tIndex 330 $aThe ?smart mobile? has become an essential and inseparable part of our lives. This powerful tool enables us to perform multi-tasks in different modalities of voice, text, gesture, etc. The user plays an important role in the mode of operation, so multimodal interaction provides the user with new complex multiple modalities of interfacing with a system, such as speech, touch, type and more. The book will discuss the new world of mobile multimodality, focusing on innovative technologies and design which create a state-of-the-art user interface. It will examine the practical challenges entailed in meeting commercial deployment goals, and offer new approaches to the designing such interfaces. A multimodal interface for mobile devices requires the integration of several recognition technologies together with sophisticated user interface and distinct tools for input and output of data. The book will address the challenge of designing devices in a synergetic fashion which does not burden the user or to create a technological overload. 606 $aMultimodal user interfaces (Computer systems) 606 $aMobile computing 610 $amobile speech. 610 $amultimodal computing. 610 $amultimodal mobile devices. 610 $aspeech processing. 615 0$aMultimodal user interfaces (Computer systems) 615 0$aMobile computing. 676 $a005.4/38 702 $aShaked$b Nava 702 $aWinter$b Ute 801 0$bMiAaPQ 801 1$bMiAaPQ 801 2$bMiAaPQ 906 $aBOOK 912 $a9910798111403321 996 $aDesign of multimodal mobile interfaces$93764596 997 $aUNINA